[Event "DSenMMdL 2018 65+"]
[Site "Templin"]
[Date "2018.09.12"]
[Round "3.2"]
[White "Gruzmann, Boris"]
[Black "Bauer, Burkhard"]
[Result "1-0"]
[WhiteElo "2209"]
[BlackElo "2083"]
[PlyCount "49"]
[EventDate "2018.??.??"]
[WhiteTeam "Schleswig-Holstein 1"]
[BlackTeam "Sachsen-Anhalt"]

1. e4 c5 2. Nf3 e6 3. d4 cxd4 4. Nxd4 Nc6 5. Nc3 a6 6. Nb3 Qc7 7. f4 d6 8. Bd3
Nf6 9. O-O Be7 10. Kh1 b5 11. Qf3 Bb7 12. Bd2 O-O 13. Rae1 b4 14. Nd1 e5 15. f5
a5 16. Be3 a4 17. Nd2 Nd4 18. Bxd4 exd4 19. Qh3 Nd7 20. f6 Nxf6 21. Rxf6 Bxf6
22. e5 g6 23. exf6 h5 24. Re7 Qb6 25. Bxg6 1-0

[Event "DSenMMdL 2018 65+"]
[Site "Templin"]
[Date "2018.09.12"]
[Round "3.3"]
[White "Hamm, Georg"]
[Black "Neumann, Joachim"]
[Result "1/2-1/2"]
[WhiteElo "2108"]
[BlackElo "2115"]
[PlyCount "29"]
[EventDate "2018.??.??"]
[WhiteTeam "Sachsen-Anhalt"]
[BlackTeam "Schleswig-Holstein 1"]

1. d4 Nf6 2. Nf3 e6 3. e3 b6 4. Nbd2 Bb7 5. Bd3 d5 6. O-O Nbd7 7. Ne5 Nxe5 8.
dxe5 Nd7 9. f4 f5 10. exf6 Nxf6 11. b3 Bc5 12. Nf3 O-O 13. Nd4 Qe7 14. Bb2 g6
15. Rb1 1/2-1/2

[Event "DSenMMdL 2018 65+"]
[Site "Templin"]
[Date "2018.09.12"]
[Round "3.4"]
[White "Hahne, Hans-Jürgen"]
[Black "Zerfass, Otfried"]
[Result "1-0"]
[WhiteElo "2084"]
[BlackElo "1857"]
[PlyCount "101"]
[EventDate "2018.??.??"]
[WhiteTeam "Schleswig-Holstein 1"]
[BlackTeam "Sachsen-Anhalt"]

1. e4 d6 2. d4 Nf6 3. Nc3 Nbd7 4. Nf3 e5 5. Bc4 Be7 6. O-O c6 7. a4 Qc7 8. b3
h6 9. Bb2 O-O 10. a5 Nxe4 11. Nxe4 d5 12. Bxd5 cxd5 13. Nc3 Qb8 14. dxe5 Nxe5
15. Nxe5 Qxe5 16. Re1 Qg5 17. Qxd5 Rd8 18. Qxg5 Bxg5 19. Ne4 Bf4 20. c4 Bf5 21.
b4 Rd3 22. Nc5 Rd2 23. Bc1 Rd4 24. Bxf4 Rxf4 25. Rec1 Rb8 26. f3 b6 27. Na6 Rc8
28. c5 Bd3 29. g3 Rxf3 30. Rc3 bxa5 31. Rxa5 Rf1+ 32. Kg2 Bxa6 33. Rxa6 Rb1 34.
Rc4 Rb8 35. Ra4 Rb2+ 36. Kf3 Rb3+ 37. Ke4 Re8+ 38. Kd5 Rd3+ 39. Kc6 Re6+ 40.
Kb5 Rd7 41. c6 Rc7 42. Ra6 Re5+ 43. Rc5 Re2 44. Rd5 Ree7 45. Rd8+ Kh7 46. Kc5
Re6 47. b5 Rce7 48. Ra8 Re5+ 49. Kb4 Re4+ 50. Ka5 Re2 51. R6xa7 1-0